000 00784nam a2200253Ia 4500
003 OSt
005 20221005105305.0
006 a|||||r|||| 00| 0
007 ta
008 221004b |||||||| |||| 00| 0 hin d
024 _a27451
037 _bGift, 27/07/2016,
_cTextual
040 _aCRL
_cCRL
_bhin
041 _2hin
_ahin
082 _aO168,1:g, 152P8
100 _aसत्यपाल
245 0 _aबिखरे फूल
246 _aBikhare fūla
260 _aनई दिल्ली
_bकूचा चेलान भारत
_c2008
300 _a132पृ0
_ccm.
650 _aउर्दू साहित्य
942 _hO168,1:g, 152P8
_cTEXL
_2cc
999 _c1015380
_d1015380